000 02142nam a2200253Ia 4500
003 Ost
005 20260507075447.0
008 260507s9999||||xx |||||||||||||| ||und||
020 _a3275329957
040 _cfsecg
041 _aara
082 _a658.05
100 _aسلام، اسامة عزمي
_eمؤلف
245 0 _aالحاسوب في المالية والاعمال /
_c اسامة عزمي سلام
260 _aعمان:
_bدار الحامد للنشر,
_c2006
300 _a293 صفحة؛
_bإيضاحات ؛
_c24 سم
504 _aبيبليوغرافيا ص.293
520 _aيعرض هذا الكتاب في محتوياته مقدمة – الفصل الأول : الحاسوب في حياتنا Computer in our life : مقدمة : أسباب دراسة الحواسيب – الفصل الثاني : برنامج الوافذ Windows : مقدمة : تشغيل البرامج عن طريق Run – الفصل الثالث : الجداول الإلكترونية Spread sheets : مقدمة : برنامج الجداول الإلكترونية Microsoft Excel – الفصل الرابع : القيمة الزمني للنقود Time value of Money : مقدمة : القيمة المستقبلية – الفصل الخامس : الاستثمارات الحقيقة والمالية Real and financial investments : مقدمة : تحليل الاستثمارات الحقيقية (الإنفاق الرأسمالي) – الفصل السادس : التحليل المالي للقوائم المالية Analysis of financial statements : مقدمة : التحليل الأفقي والعمودي – الفصل السابع : قواعد البيانات (Data Base) : مقدمة : برنامج قواعد البيانات Microsoft Access – الفصل الثامن : فكرة عن المحاسبة الآلية باستخدام برنامج (Accpac) : مقدمة : برنامج Accpac.
653 _aإدارة الأعمال-معالجة بيانات
653 _aالإدارة المالية-معالجة بيانات
653 _aالمالية عامة
653 _aحواسب
942 _cكتاب
999 _c44590
_d44590